| 000 | 00660nam a2200217Ia 4500 | ||
|---|---|---|---|
| 003 | OSt | ||
| 005 | 20230403164246.0 | ||
| 008 | 210423s2017 xx 000 0 und d | ||
| 020 | _a978-0-340-60877-7 | ||
| 040 | _cAL | ||
| 041 | _aeng | ||
| 082 |
_a302.2 _219 _bKREM |
||
| 100 |
_aKRESS (Gunther);LEEUWEN (Theo Van) _982888 |
||
| 245 | _aMultimodal discourse: the modes and media of contemporary communication | ||
| 260 |
_aLondon _bBloomsbury Publishing _c2017 |
||
| 300 |
_a142 _bPB |
||
| 365 |
_b2653.45 _cGBP |
||
| 650 |
_aCommunication _982889 |
||
| 906 | _acommunication ; contemporary ; discourse: ; media ; modes ; Multimodal | ||
| 942 |
_2ddc _cBK |
||
| 999 |
_c169136 _d169136 |
||